Merchants of death / (Record no. 25789)

MARC details
000 -LEADER
fixed length control field 00775 a2200205 4500
008 - FIXED-LENGTH DATA ELEMENTS--GENERAL INFORMATION
fixed length control field 090314t xxu||||| |||| 00| 0 eng d
010 ## - LCCN (DPL NO)
LC control number B-284475
020 ## - INTERNATIONAL STANDARD BOOK NUMBER
Terms of availability 395.00
International Standard Book Number 978124112618
035 ## - SYSTEM CONTROL NUMBER
System control number B-284475, B-213224
037 ## - SOURCE OF ACQUISITION
Source of stock number/acquisition Pansy Books
040 ## - CATALOGING SOURCE
Original cataloging agency dpl
Language of cataloging English
082 ## - DEWEY DECIMAL CLASSIFICATION NUMBER
Classification number N
100 ## - MAIN ENTRY--PERSONAL NAME
Personal name Adhar, Neelima Dalmia
245 ## - TITLE STATEMENT
Title Merchants of death /
Statement of responsibility, etc by Neelima Dalmia Adhar
260 ## - PUBLICATION, DISTRIBUTION, ETC. (IMPRINT)
Place of publication, distribution, etc New Delhi
Name of publisher, distributor, etc Har-Anand Publications
Date of publication, distribution, etc 2007
270 ## - ADDRESS
City New Delhi
Address E-49/3, Okhla Industrial Area, Phase II
Postal code 110020
Telephone number 011-41708607
Electronic mail address haranand@gmail.com
300 ## - PHYSICAL DESCRIPTION
Extent 371p.
Dimensions 22cm. (pbk)
942 ## - ADDED ENTRY ELEMENTS (KOHA)
Institution code [OBSOLETE] dpl
Item type English Books
Source of classification or shelving scheme Dewey Decimal Classification
Classification part N
Call number suffix ADH
Holdings
Withdrawn status Lost status Source of classification or shelving scheme Damaged status Not for loan Collection code Home library Current library Date acquired Source of acquisition Cost, normal purchase price Total Checkouts Full call number Barcode Date last seen Copy number Cost, replacement price Koha item type
    Dewey Decimal Classification     Fiction Shahdara Branch Shahdara Branch 30/07/2018 BPPD/PUB 0.00 3 N ADH B-213224 18/07/2024   0.00 English Books
    Dewey Decimal Classification     Fiction Vinoba Puri Vinoba Puri 17/04/2009 Pansy/782/5.8.08/184/21.7.08/13.8.08 395.00 9 N ADH B-284475 06/09/2019 1 395.00 English Books

© Delhi Public Library
Hit Counter
free hit counter